000 00922cam a2200229 a 4500
020 _a9780756542221
020 _a0756542227
040 _cDLC
082 0 0 _a582 RAN 1983 C166 Or.
082 1 4 _a582.13
100 1 _aParker, Steve,
245 1 0 _aSunflowers, magnolia trees & other flowering plants /
246 3 _aSunflowers, magnolia trees and other flowering plants
246 3 0 _aFlowering plants
300 _a48 pages :
_bcolor illustrations ;
_c29 cm.
490 1 _aKingdom classification
520 _aThis book introduces you to a well known group of plants, from bright sunflowers to beautiful magnolia trees. It explores the history of flowering plants and examines the way flowering plants reproduce and obtain energy. It also looks at the various uses for flowering plants, including decoration and agriculture.
650 0 _aAngiosperms
650 0 _aFlowers
650 0 _aPlants
942 _cAEDBB
999 _c19359
_d19359